The PFI's poisoned chalice. (Record no. 60994)
[ view plain ]
| 000 -LEADER | |
|---|---|
| fixed length control field | 00908cam a2200193 4500 |
| 001 - CONTROL NUMBER | |
| control field | ABS61272 |
| 008 - FIXED-LENGTH DATA ELEMENTS--GENERAL INFORMATION | |
| fixed length control field | 000000n1999 000 0 eng u |
| 035 ## - SYSTEM CONTROL NUMBER | |
| System control number | (Sirsi) u101893 |
| 100 ## - MAIN ENTRY--PERSONAL NAME | |
| Personal name | Parisotti, M. |
| 245 #4 - TITLE STATEMENT | |
| Title | The PFI's poisoned chalice. |
| 260 ## - PUBLICATION, DISTRIBUTION, ETC. | |
| Date of publication, distribution, etc. | 1999 |
| 490 ## - SERIES STATEMENT | |
| Series statement | Building |
| Volume/sequential designation | 264(8102) 3 September 1999, 52-53(2) |
| 520 ## - SUMMARY, ETC. | |
| Summary, etc. | Outlines the role of the due diligence advisor or independent certifier who checks the due diligence requirements of PFI contracts. This could include both checking the work of other consultants, and also that the clients own requirements are correct. It is a new business opportunity, but carries the risk that if anything checked goes wrong, the advisor could be liable for 100% of the damages. |
| 650 ## - SUBJECT ADDED ENTRY--TOPICAL TERM | |
| Topical term or geographic name entry element | PFI |
| 650 ## - SUBJECT ADDED ENTRY--TOPICAL TERM | |
| Topical term or geographic name entry element | PRIVATE FINANCE INITIATIVE |
| 650 ## - SUBJECT ADDED ENTRY--TOPICAL TERM | |
| Topical term or geographic name entry element | LIABILITY |
| 690 ## - LOCAL SUBJECT ADDED ENTRY--TOPICAL TERM (OCLC, RLIN) | |
| Topical term or geographic name as entry element | MANAGEMENT-BUSINESS MANAGEMENT-PROFESSIONAL PRACTICE |
| 942 ## - ADDED ENTRY ELEMENTS (KOHA) | |
| Suppress in OPAC | 0 |
| Withdrawn status | Lost status | Source of classification or shelving scheme | Damaged status | Not for loan | Home library | Current library | Shelving location | Date acquired | Total Checkouts | Full call number | Barcode | Date last seen | Copy number | Price effective from | Koha item type |
|---|---|---|---|---|---|---|---|---|---|---|---|---|---|---|---|
| Dewey Decimal Classification | London | London | Journal article | 12/11/1999 | ABS61272 | 101893-1001 | 06/08/2019 | 1 | 06/08/2019 | Journal article |